Countries where the biggest religion is not Christianity or Islam - Statistics

General Stats
  • This quiz has been taken 558 times
  • The average score is 15 of 19
Answer Stats
Hint Answer % Correct
Hinduism India
99%
Unaffiliated China
94%
Hinduism Nepal
93%
Unaffiliated Japan
91%
Buddhism Laos
89%
Buddhism Cambodia
88%
Judaism Israel
87%
Buddhism Thailand
87%
Indigenous beliefs Vietnam
86%
Buddhism Bhutan
84%
Unaffiliated North Korea
84%
Unaffiliated South Korea
84%
Buddhism Myanmar
82%
Buddhism Sri Lanka
81%
Buddhism Mongolia
75%
Indigenous beliefs Taiwan
69%
Hinduism Mauritius
38%
Unaffiliated Czech Republic
37%
Unaffiliated Estonia
33%
No matching quizzes found
Score Distribution
Percent of People with Each Score
Percentile by Number Answered
Your Score History
You have not taken this quiz